00563nam a2200157Ia 450000500170000000800410001708200130005824500360007126000620010730000130016950000830018270000240026594200060028995200950029599900150039020250408072011.0240331s9999 xx 000 0 und d bPERa100 0aPeriyar Kalanchiyam :bVolume 3 aChennaibPeriyar Suyamariyathaip prasaara niruvanamc1979 a292 p ., aThanthai periyar E.V. Ramasaami avarkalathu katooraikal, pechukkalin thoguppu aVeeramani, K. eedt cL 001040708LaWERCLbWERCLcSSCd2024-03-31l0o 100 PERp2172r2024-03-31w2024-03-31yL c3571d3571